รายงานของคณะทำงานพัฒนาเทคโนโลยีสารสนเทศเพื่อการสนับสนุนการปฏิบัติงานของสำนักกรรมาธิการ 1 สำนักกรรมาธิการ 2 และสำนักกรรมาธิการ 3 เสนอ คณะทำงานขับเคลื่อนยุทธศาสตร์เพื่อการพัฒนาของสำนักกรรมาธิการ 1 สำนักกรรมาธิการ 2 สำนักกรรมาธิการ 3 / (ระเบียนเลขที่ 107535)
| 000 -LEADER | |
|---|---|
| fixed length control field | 04141nam a22002537a 4500 |
| 003 - CONTROL NUMBER IDENTIFIER | |
| control field | NALT |
| 005 - DATE AND TIME OF LATEST TRANSACTION | |
| control field | 20251202093250.0 |
| 008 - FIXED-LENGTH DATA ELEMENTS--GENERAL INFORMATION | |
| fixed length control field | 251126b th ||||| |||| 00| 0 tha d |
| 040 ## - CATALOGING SOURCE | |
| Original cataloging agency | NALT |
| 086 ## - GOVERNMENT DOCUMENT CLASSIFICATION NUMBER | |
| Classification number | สผ 76 7.5 003.54 2562 |
| 110 2# - MAIN ENTRY--CORPORATE NAME | |
| Corporate name or jurisdiction name as entry element | สำนักงานเลขาธิการสภาผู้แทนราษฎร |
| Subordinate unit | คณะทำงานพัฒนาเทคโนโลยีสารสนเทศเพื่อการสนับสนุนการปฏิบัติงานของสำนักกรรมาธิการ 1 สำนักกรรมาธิการ 2 และสำนักกรรมาธิการ 3. |
| 9 (RLIN) | 67081 |
| 245 10 - TITLE STATEMENT | |
| Title | รายงานของคณะทำงานพัฒนาเทคโนโลยีสารสนเทศเพื่อการสนับสนุนการปฏิบัติงานของสำนักกรรมาธิการ 1 สำนักกรรมาธิการ 2 และสำนักกรรมาธิการ 3 เสนอ คณะทำงานขับเคลื่อนยุทธศาสตร์เพื่อการพัฒนาของสำนักกรรมาธิการ 1 สำนักกรรมาธิการ 2 สำนักกรรมาธิการ 3 / |
| Statement of responsibility, etc. | คณะทำงานพัฒนาเทคโนโลยีสารสนเทศเพื่อการสนับสนุนการปฏิบัติงานของสำนักกรรมาธิการ 1 สำนักกรรมาธิการ 2 และสำนักกรรมาธิการ 3 สำนักงานเลขาธิการสภาผู้แทนราษฎร |
| 260 ## - PUBLICATION, DISTRIBUTION, ETC. | |
| Place of publication, distribution, etc. | กรุงเทพฯ : |
| Name of publisher, distributor, etc. | สำนักงานเลขาธิการสภาผู้แทนราษฎร, |
| Date of publication, distribution, etc. | 2562. |
| 300 ## - PHYSICAL DESCRIPTION | |
| Extent | 68 หน้า : |
| Other physical details | ภาพประกอบ, ตาราง ; |
| Dimensions | 29 ซม. |
| 505 2# - FORMATTED CONTENTS NOTE | |
| Formatted contents note | 1 ความเป็นมาและความสำคัญ --<br/>2. วัตถุประสงค์ --<br/>3. วิธีการดำเนินงาน --<br/>4. ประโยชน์ที่คาดว่าจะได้รับ --<br/>5. ผลการศึกษา --<br/>5.1 ระบบข้อมูลการประชุม --<br/>5.2 ระบบเว็บไซต์ของคณะกรรมาธิการ --<br/>5.3 ระบบบริหารจัดการเอกสารอิเล็กทรอนิกส์ (e-Document) --<br/>5.4 ระบบสารสนเทศด้านนิติบัญญัติ (LIS) --<br/>6. สรุปผลการศึกษา. |
| 610 24 - SUBJECT ADDED ENTRY--CORPORATE NAME | |
| Corporate name or jurisdiction name as entry element | คณะทำงานพัฒนาเทคโนโลยีสารสนเทศเพื่อการสนับสนุนการปฏิบัติงานของสำนักกรรมาธิการ 1 สำนักกรรมาธิการ 2 และสำนักกรรมาธิการ 3 เสนอ คณะทำงานขับเคลื่อนยุทธศาสตร์เพื่อการพัฒนาของสำนักกรรมาธิการ 1 สำนักกรรมาธิการ 2 สำนักกรรมาธิการ 3 |
| General subdivision | รายงาน |
| 650 #4 - SUBJECT ADDED ENTRY--TOPICAL TERM | |
| Topical term or geographic name entry element | เทคโนโลยีสารสนเทศ |
| General subdivision | การพัฒนา |
| 9 (RLIN) | 67097 |
| 710 2# - ADDED ENTRY--CORPORATE NAME | |
| Corporate name or jurisdiction name as entry element | คณะทำงานพัฒนาเทคโนโลยีสารสนเทศเพื่อการสนับสนุนการปฏิบัติงานของสำนักกรรมาธิการ 1 สำนักกรรมาธิการ 2 และสำนักกรรมาธิการ 3. |
| 9 (RLIN) | 67096 |
| 942 ## - ADDED ENTRY ELEMENTS (KOHA) | |
| Source of classification or shelving scheme | Local Classification |
| Koha item type | Parliamentary Publication |
| 996 ## - STAFF PROCESSING RECORDS (NALT) | |
| Staff name | jidapa.t |
| Staff type | ACQSTF |
| Acquisition or Cataloging date | 2025-11-26 |
| 996 ## - STAFF PROCESSING RECORDS (NALT) | |
| Staff name | varee.k |
| Staff type | LIBSTF |
| Acquisition or Cataloging date | 2025-11-28 |
| 996 ## - STAFF PROCESSING RECORDS (NALT) | |
| Staff name | jamriang.p |
| Staff type | CATSTF |
| Acquisition or Cataloging date | 2025-12-02 |
| 998 ## - STAFF NAME (NALT) | |
| -- | 1020 |
| -- | นางจำเรียง ระวังสำโรง |
| Withdrawn status | Lost status | Source of classification or shelving scheme | Damaged status | Not for loan | Collection code | Home library | Current library | Shelving location | Date acquired | Source of acquisition | Total Checkouts | Full call number | Barcode | Date last seen | Price effective from | Koha item type |
|---|---|---|---|---|---|---|---|---|---|---|---|---|---|---|---|---|
| Local Classification | Parliamentary Publications Collection | National Assembly Library of Thailand | National Assembly Library of Thailand | Parliamentary Publications Shelves | 26/11/2025 | หน่วยงานภาครัฐ | สผ 76 7.5 003.54 2562 | 3961215918 | 26/11/2025 | 26/11/2025 | Parliamentary Publication |
